Central Library, Doon University
WEBOPAC (ONLINE PUBLIC ACCESS CATALOGUE)

Fundamental of Electric Circuits (Record no. 60963)

MARC details
000 -LEADER
fixed length control field 00544nam a22002057a 4500
005 - DATE & TIME
control field 20260602153057.0
008 - FIXED-LENGTH DATA ELEMENTS--GENERAL INFORMATION
fixed length control field 260602b |||||||| |||| 00| 0 eng d
020 ## - ISBN
International Standard Book Number 9789355320162
Price 1175.00
040 ## - CATALOGING SOURCE
Original cataloging agency Doon University
041 ## - Language
Language English
082 ## - DDC NUMBER
Classification number 621.31924
Book Number ALE
100 ## - MAIN ENTRY--PERSONAL NAME
Personal name Alexander, Charle K.
245 ## - TITLE STATEMENT
Title Fundamental of Electric Circuits
250 ## - EDITION STATEMENT
Edition statement 7th
260 ## - PUBLICATION, DISTRIBUTION, ETC. (IMPRINT)
Place of publication, distribution, etc Chennai
Name of publisher, distributor, etc McGraw Hill Education
Date of publication, distribution, etc 2024
300 ## - PHYSICAL DESCRIPTION
Pages 903
650 ## - Subject
Subject Physics (PM USHA)
700 ## - Added Entry Personal Name
Added Entry Personal Name Sadiku, Matthew N.O.
942 ## - ADDED ENTRY ELEMENTS (KOHA)
Koha item type Books
100 ## - MAIN ENTRY--PERSONAL NAME
-- 26990
650 ## - Subject
-- 26699
700 ## - Added Entry Personal Name
-- 10542
952 ## - LOCATION AND ITEM INFORMATION (KOHA)
-- 2026-06-02
952 ## - LOCATION AND ITEM INFORMATION (KOHA)
-- 2026-06-02
952 ## - LOCATION AND ITEM INFORMATION (KOHA)
-- 2026-06-02
Holdings
Withdrawn status Lost status Source of classification or shelving scheme Damaged status Not for loan Location (home branch) Sublocation or collection (holding branch) Date acquired Koha full call number Accession No. Koha date last seen Koha item type Koha issues (times borrowed)
        Not For Loan Doon University Doon University 02.06.2026 621.31924 ALE 33241 02.06.2026 Reference  
          Doon University Doon University 02.06.2026 621.31924 ALE 33242 02.06.2026 Books  
          Doon University Doon University 02.06.2026 621.31924 ALE 33243 02.06.2026 Books  
Contact : +91-135-2533126 (Library),+91-135-2533105 (Admin Office) , Email : doonlibrary@gmail.com

Powered by Koha